01059nam a2200193Ia 4500001000900000003001000009008004100019040002500060041001300085100002100098245005000119250001100169260005100180300001200231500023700243501011400480520023700594650003400831L070-394IT-CnALBA170116s9999||||xx |||||||||||||| ||und|| aIT-CnALBAcIT-CnALBA aITALIANO aGIOIA MELCHIORRE 0aLA GIULIA OSSIA L'INTERREGNO DELLA CISALPINA  a1a ed. aMILANObPIROTTA E MASPERO STAMP. LIBRAI cn.d. a344 p.  aTRAGEDIA. REPUBBLICA CISALPINA. APPLAUSI POETICI A DON GAETANO DÈ BELCREDI. ABATE BARRUEL. MEMORIE PER SERVIRE ALLA STORIA DEL GIACOBINISMO. RUTORNO DI ULISSE IN ITACA. CONTE LUIGI COCASTELLI. VERSI IN MORTE DELL'AVVOCATO CASALI.  aSocietà San Paolo EM - Piazza San Paolo, 14 - 12051 ALBA (CN) (non commercial uses only) ® Copyright 2017 aTRAGEDIA. REPUBBLICA CISALPINA. APPLAUSI POETICI A DON GAETANO DÈ BELCREDI. ABATE BARRUEL. MEMORIE PER SERVIRE ALLA STORIA DEL GIACOBINISMO. RUTORNO DI ULISSE IN ITACA. CONTE LUIGI COCASTELLI. VERSI IN MORTE DELL'AVVOCATO CASALI.  aGIORNALISMO EDITORIA GIORNALI